Nigerian company law and practice / (Record no. 4419)
[ view plain ]
| 000 -LEADER | |
|---|---|
| fixed length control field | 00839cam a2200265 i 4500 |
| 001 - CONTROL NUMBER | |
| control field | 4419 |
| 003 - CONTROL NUMBER IDENTIFIER | |
| rucl marc code | BD-RjUL |
| 005 - DATE AND TIME OF LATEST TRANSACTION | |
| control field | 20211208233904.0 |
| 008 - FIXED-LENGTH DATA ELEMENTS--GENERAL INFORMATION | |
| fixed length control field | 131222s1976 enk b 001 0 eng |
| 020 ## - INTERNATIONAL STANDARD BOOK NUMBER | |
| International Standard Book Number | 0421209909 : |
| 035 ## - SYSTEM CONTROL NUMBER | |
| System control number | (BD-RjUL)4454 |
| 040 ## - CATALOGING SOURCE | |
| Original cataloging agency | DLC |
| Transcribing agency | DLC |
| Modifying agency | DLC |
| -- | BD-RjUL |
| Language of cataloging | eng |
| 041 ## - LANGUAGE CODE | |
| Language code of text/sound track or separate title | eng |
| 082 00 - DEWEY DECIMAL CLASSIFICATION NUMBER | |
| Classification number | 346.669066 |
| Author mark and year | ORN 1976 |
| 100 1# - MAIN ENTRY--PERSONAL NAME | |
| Personal name | Orojo, J. Ola. |
| 9 (RLIN) | 13979 |
| 245 10 - TITLE STATEMENT | |
| Title | Nigerian company law and practice / |
| Statement of responsibility, etc. | J. Ola Orojo. |
| 260 ## - PUBLICATION, DISTRIBUTION, ETC. (IMPRINT) | |
| Place of publication, distribution, etc. | London : |
| Name of publisher, distributor, etc. | Sweet & Maxwell, |
| Date of publication, distribution, etc. | c1976. |
| 300 ## - PHYSICAL DESCRIPTION | |
| Pagination | liii, 571 p. ; |
| Size | 22 cm. |
| 504 ## - BIBLIOGRAPHY, ETC. NOTE | |
| Bibliography, etc | Includes bibliographical references and index. |
| 650 #0 - SUBJECT ADDED ENTRY--TOPICAL TERM | |
| Topical term or geographic name as entry element | Corporation law |
| Geographic subdivision | Nigeria. |
| 9 (RLIN) | 13980 |
| 856 ## - ELECTRONIC LOCATION AND ACCESS | |
| Uniform Resource Identifier | <a href="http://www.worldcat.org/title/nigerian-company-law-and-practice/oclc/2598083&referer=brief_results">http://www.worldcat.org/title/nigerian-company-law-and-practice/oclc/2598083&referer=brief_results</a> |
| 942 ## - ADDED ENTRY ELEMENTS (KOHA) | |
| Source of classification or shelving scheme | Dewey Decimal Classification |
| Koha item type | Books |
| Lost status | Source of classification or shelving scheme | Damaged status | Not for loan | Collection code | Permanent Location | Current Location | Shelving location | Date acquired | Source of acquisition | Cost, normal purchase price | Total Checkouts | Full call number | Date last seen | Copy number | Koha item type |
|---|---|---|---|---|---|---|---|---|---|---|---|---|---|---|---|
| Dewey Decimal Classification | Not For Loan | Non-fiction | Central Library, University of Rajshahi | Central Library, University of Rajshahi | Reading Room | 30/10/1978 | Helfer | 17.50 | 346.669066 ORN 1976 | 22/12/2013 | C-1 | Books |